=LDR 00000nam 2200000 4500 =001 INLIS000000000013459 =005 20260427012905 =035 ##$$a 0010-061300000013459 =008 260427################g##########0#ind## =041 ##$$a Ind =082 ##$$a R. 910. 3 =090 ##$$a R. 910. 3, Kam k =245 1#$$a Kamus istilah Pariwisata /$c Surjanto...[et.al] =260 ##$$a Jakarta :$b Progres,$c 2003 =300 ##$$a viii, 279 hlm. ; $c 21 x 14 cm =650 #4$$a Pariwisata - Kamus =700 #$$a Suryanto =850 ##$$a NBPNMAT =084 ##$$a R. 910. 3 SUR k =100 #$$a Surjanto =250 ##$$a Cet. 1 =990 ##$$a 22742274 =990 ##$$a 22742274 =990 ##$$a 22742274 =990 ##$$a 22742274 =990 ##$$a 20404289 =990 ##$$a 1200401171 =990 ##$$a 1200401172 =990 ##$$a 1200401173 =990 ##$$a 10405877 =990 ##$$a 1200401171 =990 ##$$a 1200401172 =990 ##$$a 20404289 =990 ##$$a 10405879 =990 ##$$a 1200401171 =990 ##$$a 10405877 =990 ##$$a 20404289 =990 ##$$a 10405876 =990 ##$$a 10405879 =990 ##$$a 10405877 =990 ##$$a 20404289